Samagra Karnatakada Itihasa ಸಮಗ್ರ ಕರ್ನಾಟಕದ ಇತಿಹಾಸ (Record no. 221868)
[ view plain ]
| 000 -LEADER | |
|---|---|
| fixed length control field | 00874nam a22002057a 4500 |
| 005 - DATE AND TIME OF LATEST TRANSACTION | |
| control field | 20220315145759.0 |
| 008 - FIXED-LENGTH DATA ELEMENTS--GENERAL INFORMATION | |
| fixed length control field | 220314b ||||| |||| 00| 0 eng d |
| 020 ## - INTERNATIONAL STANDARD BOOK NUMBER | |
| International Standard Book Number | 9789383214297 |
| 040 ## - CATALOGING SOURCE | |
| Transcribing agency | AL |
| 041 ## - LANGUAGE CODE | |
| Language code of text/sound track or separate title | Kannada |
| 082 ## - DEWEY DECIMAL CLASSIFICATION NUMBER | |
| Edition number | 23 |
| Classification number | 954.87K |
| Item number | ASWS |
| 100 ## - MAIN ENTRY--PERSONAL NAME | |
| Personal name | K N Ashwathappa ಕೆ ಎನ್ ಅಶ್ವಥಪ್ಪ |
| 100 ## - MAIN ENTRY--PERSONAL NAME | |
| 9 (RLIN) | 23737 |
| 245 ## - TITLE STATEMENT | |
| Title | Samagra Karnatakada Itihasa ಸಮಗ್ರ ಕರ್ನಾಟಕದ ಇತಿಹಾಸ |
| Remainder of title | ಆರಂಭದಿಂದ ಕ್ರಿ. ಶ.2018ರವರೆಗೆ |
| 260 ## - PUBLICATION, DISTRIBUTION, ETC. | |
| Place of publication, distribution, etc. | Bengaluru |
| Name of publisher, distributor, etc. | Subhas Stores Books Corner |
| Date of publication, distribution, etc. | 2020 |
| 300 ## - PHYSICAL DESCRIPTION | |
| Extent | 1576 p. |
| Other physical details | HB |
| Dimensions | 25x18.5 cm. |
| 365 ## - TRADE PRICE | |
| Price type code | 6319 |
| Price amount | ₹1200.00 |
| Currency code | ₹ |
| Unit of pricing | ₹1500.00 |
| Price note | 20% |
| Price effective from | 08-03-2022 |
| 650 ## - SUBJECT ADDED ENTRY--TOPICAL TERM | |
| Topical term or geographic name entry element | : Karnatakada itihasa ಕರ್ನಾಟಕದ ಇತಿಹಾಸ |
| 9 (RLIN) | 23613 |
| 700 ## - ADDED ENTRY--PERSONAL NAME | |
| Personal name | Ashwathappa (K N) ಅಶ್ವಥಪ್ಪ (ಕೆ ಎನ್) |
| 9 (RLIN) | 23614 |
| 942 ## - ADDED ENTRY ELEMENTS (KOHA) | |
| Source of classification or shelving scheme | Dewey Decimal Classification |
| Koha item type | Book |
| Withdrawn status | Lost status | Source of classification or shelving scheme | Damaged status | Not for loan | Collection code | Home library | Current library | Date acquired | Source of acquisition | Cost, normal purchase price | Total Checkouts | Full call number | Barcode | Date last seen | Cost, replacement price | Price effective from | Koha item type |
|---|---|---|---|---|---|---|---|---|---|---|---|---|---|---|---|---|---|
| Dewey Decimal Classification | Reference Book | History | St Aloysius Library | St Aloysius Library | 03/09/2022 | Biblios Book Point | 1200.00 | 954.87K ASWS | 075612 | 03/14/2022 | 1500.00 | 03/14/2022 | Book |